Teoría del cierre categorial / (Record no. 10307)

MARC details
000 -LEADER
campo de control de longitud fija 01125nam a2200217 i 4500
001 - NÚMERO DE CONTROL
campo de control 10307
003 - IDENTIFICADOR DE NÚMERO DE CONTROL
campo de control ES-MaACL
005 - FECHA Y HORA DE LA ÚLTIMA TRANSACCIÓN
campo de control 20241215063019.0
007 - CAMPO FIJO DE DESCRIPCIÓN FÍSICA--INFORMACIÓN GENERAL
campo de control de longitud fija t|
008 - DATOS DE LONGITUD FIJA--INFORMACIÓN GENERAL
campo de control de longitud fija 010327m19929999sp ||||1| spa d
020 ## - NÚMERO INTERNACIONAL ESTÁNDAR DEL LIBRO
Número Internacional Estándar del Libro 84-7848-447-7
080 ## - NÚMERO DE LA CLASIFICACIÓN DECIMAL UNIVERSAL
Número de la Clasificación Decimal Universal 165
100 1# - ENTRADA PRINCIPAL--NOMBRE DE PERSONA
Nombre de persona Bueno, Gustavo,
Fechas asociadas al nombre 1924-2016
9 (RLIN) 160678
245 10 - MENCIÓN DEL TÍTULO
Título Teoría del cierre categorial /
Mención de responsabilidad, etc. Gustavo Bueno.
260 ## - PUBLICACIÓN, DISTRIBUCIÓN, ETC.
Lugar de publicación, distribución, etc. Oviedo :
Nombre del editor, distribuidor, etc. Pentalfa,
Fecha de publicación, distribución, etc. [1992]-
300 ## - DESCRIPCIÓN FÍSICA
Extensión <5> v. ;
Dimensiones 22 cm.
505 8# - NOTA DE CONTENIDO CON FORMATO
Nota de contenido con formato Vol. 1º: Introducción general: siete enfoques en el estudio de la ciencia (Parte I, sección 1) -- Vol. 2º : La Gnoseología como filosofía de la ciencia (Part I, sección 2). Historia de la teoría de la ciencia (Parte I, sección 3) -- Vol. 3º : El sistema de las doctrinas gnoseológicas. Las cuatro familias básicas (Parte II, seción 1) -- Vol. 4º : Descripcionismo (Parte II, sección 2). Teoreticismo (Parte II, sección 3) -- Vol. 5º : Adecuacionismo (Parte II, sección 4). Circularismo (Parte II, sección 5). Glosario.
650 #4 - PUNTO DE ACCESO ADICIONAL DE MATERIA--TÉRMINO DE MATERIA
Término de materia o nombre geográfico como elemento de entrada Epistemología.
9 (RLIN) 12338
852 ## - LOCALIZACIÓN
Ubicación ES-MaACL
Número de control de estantería P-1355 bis
Sublocalización o colección R.122499
Holdings
Estatus retirado Estado de pérdida Estado de daño No para préstamo Biblioteca de origen Biblioteca actual Ubicación en estantería Fecha de adquisición Fuente de adquisición Total de préstamos Signatura topográfica completa Código de barras Visto por última vez Precio de reemplazo Tipo de ítem Koha
        Biblioteca del Ateneo de Madrid Biblioteca del Ateneo de Madrid Depósito 2 17/01/2008     P-1355 bis 1010517 23/02/2023 23/02/2023 Libro impreso